Online katalóg knižníc regiónu Turca

Rulova nevesta (Record no. 22036)

MARC details
000 -LEADER
fixed length control field 01752cam a2200493 a 4500
001 - CONTROL NUMBER
control field 22036
003 - CONTROL NUMBER IDENTIFIER
control field VRT
005 - DATE AND TIME OF LATEST TRANSACTION
control field 20260318091459.0
008 - FIXED-LENGTH DATA ELEMENTS--GENERAL INFORMATION
fixed length control field 240314s2012 xo g 000 f slo
015 ## - NATIONAL BIBLIOGRAPHY NUMBER
National bibliography number SNBA2012/08-04567
020 ## - INTERNATIONAL STANDARD BOOK NUMBER
International Standard Book Number 9788055127385
Qualifying information (viaz.)
035 ## - SYSTEM CONTROL NUMBER
System control number DDDC416E-83A7-486E-A0DD-857D0BC469B4
035 ## - SYSTEM CONTROL NUMBER
System control number urn:nbn:sk:snk-amjk03
035 ## - SYSTEM CONTROL NUMBER
System control number urn:nbn:sk:snk-am001sqv
039 #9 - LEVEL OF BIBLIOGRAPHIC CONTROL AND CODING DETAIL [OBSOLETE]
Level of rules in bibliographic description 202403141502
Level of effort used to assign nonsubject heading access points VLOAD
Level of effort used to assign subject headings 202401081249
Level of effort used to assign classification AUTHORITY
Level of effort used to assign subject headings 201508271423
Level of effort used to assign classification VLOAD
Level of effort used to assign subject headings 201508271052
Level of effort used to assign classification VLOAD
040 ## - CATALOGING SOURCE
Original cataloging agency POKPOH
Language of cataloging slo
Transcribing agency POKPOH
Modifying agency SVKBB
-- SNK
Description conventions AACR2
041 1# - LANGUAGE CODE
Language code of text/sound track or separate title slo
Language code of original eng
044 ## - COUNTRY OF PUBLISHING/PRODUCING ENTITY CODE
MARC country code xo
ISO country code SK
072 #7 - SUBJECT CATEGORY CODE
Subject category code 821.111(73)-3
Subject category code subdivision Americká próza
Source konspekt
080 ## - UNIVERSAL DECIMAL CLASSIFICATION NUMBER
Universal Decimal Classification number 821.111(73)-31
Edition identifier 2001
080 ## - UNIVERSAL DECIMAL CLASSIFICATION NUMBER
Universal Decimal Classification number (0:82-311.6)
Edition identifier 2001
080 ## - UNIVERSAL DECIMAL CLASSIFICATION NUMBER
Universal Decimal Classification number (0:82-312.5)
Edition identifier 2001
100 1# - MAIN ENTRY--PERSONAL NAME
Personal name Martin, Kat,
Dates associated with a name 1947-
Relationship aut
240 10 - UNIFORM TITLE
Uniform title Rule's bride
Language of a work Slovensky
245 10 - TITLE STATEMENT
Title Rulova nevesta
Statement of responsibility, etc. Kat Martinová ; [z anglického originálu preložil Milan Kopecký]
250 ## - EDITION STATEMENT
Edition statement [1. vyd.]
260 ## - PUBLICATION, DISTRIBUTION, ETC.
Place of publication, distribution, etc. Bratislava
Name of publisher, distributor, etc. Ikar
Date of publication, distribution, etc. 2012
300 ## - PHYSICAL DESCRIPTION
Extent 255 s.
Dimensions 21 cm
655 #7 - INDEX TERM--GENRE/FORM
Genre/form data or focus term americké romány
Source of term SNKPH
655 #7 - INDEX TERM--GENRE/FORM
Genre/form data or focus term historické romány
Source of term SNKPH
655 #7 - INDEX TERM--GENRE/FORM
Genre/form data or focus term ľúbostné romány
Source of term SNKPH
655 #7 - INDEX TERM--GENRE/FORM
Genre/form data or focus term American fiction
Source of term SNKPHeng
655 #7 - INDEX TERM--GENRE/FORM
Genre/form data or focus term Historical novels
Source of term SNKPHeng
655 #7 - INDEX TERM--GENRE/FORM
Genre/form data or focus term Love novels
Source of term SNKPHeng
700 1# - ADDED ENTRY--PERSONAL NAME
Personal name Kopecký, Milan,
Dates associated with a name 1984-
Relationship trl
942 ## - ADDED ENTRY ELEMENTS (KOHA)
Source of classification or shelving scheme Dewey Decimal Classification
Koha item type Krásna literatúra pre dospelých
Suppress in OPAC No
949 ## - LOCAL PROCESSING INFORMATION (OCLC)
6 273K0574299
a svkpoA 222290
b svkpo575868
949 ## - LOCAL PROCESSING INFORMATION (OCLC)
6 270001000396920
a svkbbA 134126
b svkbbm 725389
949 ## - LOCAL PROCESSING INFORMATION (OCLC)
6 17A0895979
a snkSC 145265/3
b snk2012/6936
o 645/12
949 ## - LOCAL PROCESSING INFORMATION (OCLC)
6 17A0886178
a snkSC 145265/3 D1
b snk2012/7781
o 645/12
949 ## - LOCAL PROCESSING INFORMATION (OCLC)
6 2889184650
a savukPV 16341
b savuk2012/2237
980 ## - EQUIVALENCE OR CROSS-REFERENCE-SERIES STATEMENT--PERSONAL NAME/TITLE [LOCAL, CANADA]
Personal name 821.111(73)-31
Holdings
Stav vyradenia Strata Poškodenie Spôsob nadobudnutia Domovská knižnica Aktuálna knižnica Dátum nadobudnutia Total checkouts Čiarový kód exemplára Date last seen Typ exemplára
      Dar Obecná knižnica Turčianska Štiavnička Obecná knižnica Turčianska Štiavnička 18.03.2026   4738000523 18.03.2026 Krásna literatúra pre dospelých
Projekt je podporený Slovenskou asociáciou knižníc
Prevádzkuje Turčianska knižnica Martin 2026